LEADER 01073ojm 2200241z- 450 001 9910155698603321 005 20230913112557.0 010 $a1-5124-4674-2 035 $a(CKB)3710000000976551 035 $a(BIP)058891763 035 $a(EXLCZ)993710000000976551 100 $a20231107c2017uuuu -u- - 101 0 $aeng 200 10$aMeet a Baby Hippo 210 $cLerner 215 $a1 online resource (32 p.) 330 8 $aAudiseeŽ eBooks with Audio combine professional narration and text highlighting to engage reluctant readers!Hippos are big animals that live in Africa. Hippo calves are born underwater. They are strong swimmers. Baby hippos spend most of their time in the water. Their mothers help them stay safe from predators. How do baby hippos grow and change? Read this book to find out! This title also includes a life cycle diagram, a habitat map, fun facts, a glossary, and more! 676 $a599.63/5139 700 $aOwings$b Lisa$01435366 906 $aAUDIO 912 $a9910155698603321 996 $aMeet a Baby Hippo$93599419 997 $aUNINA